000
00211nam a22000857a 4500
008
160718b xxu||||| |||| 00| 0 eng d
100
_9
3006
_a
Brien, D
245
_a
G.K - Business
260
_a
New Delhi
_b
Penguin
_c
2004
999
_c
2569
_d
2569